| 000 | 01177aab a2200229 i 4500 | ||
|---|---|---|---|
| 001 | 768714001 | ||
| 003 | CO-MdFUSB | ||
| 005 | 20240809082151.0 | ||
| 008 | 240809t2001 -us||||| |||| 00| 0 eng d | ||
| 040 |
_bspa _cCO-MdFUSB |
||
| 041 | _aeng | ||
| 100 | 1 |
_aShenk, Wilbert R. _eautor |
|
| 245 | 1 | 0 |
_aRecasting theology of mission : _bimpulses from the non-western world _c/ Wilbert R. Shenk |
| 520 | _aShenk escribe: "Dado que la mayoría cristiana se encuentra ahora fuera de Occidente y las iniciativas misioneras de las iglesias de Asia, África y América Latina están a la vanguardia de la misión cristiana mundial, debemos preguntarnos: ¿Qué tipo de teología de la misión servirá mejor a la misión cristiana global en el futuro?". Como Shenk continúa sugiriendo, las voces del mundo no occidental ya no se puede ignorar. | ||
| 546 | _aTexto en inglés. | ||
| 650 | 7 |
_aCristianismo _922 |
|
| 650 | 0 |
_aMisiones _9154 |
|
| 650 | 7 |
_aAntropología cultural y social _96714 |
|
| 773 | 0 |
_tInternational Bulletin _049483 _960996 _gVolumen 25, (número 3, 2001), páginas: 98 - 107 _qpágina: 98 |
|
| 942 | _cANA | ||
| 945 | _aCatherine Arias Álvarez - Practicante SENA | ||
| 999 |
_c57245 _d57245 |
||